| Поле | Название | Значение |
| |
Тип записи |
a |
| |
Библиографический уровень |
m |
| 001 |
Контрольный номер |
RU/URAIT/587904 |
| 005 |
Дата корректировки |
20260429163636.1 |
| 008 |
Кодируемые данные |
260429s2026 RU y f j 000 0 rus u |
| 020 |
Индекс ISBN |
__ |
| a |
ISBN |
978-5-534-12664-8 |
| c |
Цена, тираж |
549.00 |
| 040 |
Источник каталогиз. |
__ |
| a |
Служба первич. каталог. |
ИКО Юрайт |
| c |
Служба, преобразующая запись |
ИКО Юрайт |
| e |
Правила каталог. |
RCR |
| 041 |
Код языка издания |
__ |
| a |
Код языка текста |
rus |
| 044 |
Код страны публикации |
__ |
| a |
Код страны публикации |
RU |
| 080 |
Индекс УДК |
__ |
| a |
Индекс УДК |
621/9(075.8) |
| 084 |
Индекс другой классификации/Индекс ББК |
__ |
| 2 |
Источник индекса |
rubbk |
| a |
Индекс другой классификации/Индекс ББК |
34.4я73 |
| 100 |
Автор |
__ |
| a |
Автор |
Мальцев М. В. |
| q |
Полное имя |
Мальцев Максим Валерьевич |
| 245 |
Заглавие |
__ |
| a |
Заглавие |
Машины-автоматы |
| b |
Продолж. заглавия |
учебник для вузов |
| c |
Ответственность |
М. В. Мальцев, Ю. Н. Шаповалов, Е. Б. Бражников. |
| 256 |
Характеристики компьютерного файла |
__ |
| a |
Характеристики компьютерного файла |
Электрон. дан. |
| 260 |
Выходные данные |
__ |
| a |
Место издания |
Москва |
| b |
Издательство |
Юрайт |
| c |
Дата издания |
2026 |
| 300 |
Физическое описание |
__ |
| a |
Объем |
121 с |
| 440 |
Серия |
__ |
| a |
Серия |
Высшее образование |
| 500 |
Примечания |
__ |
| a |
Примечание |
URL: https://urait.ru/bcode/587904 (дата обращения: 29.04.2026). |
| 520 |
Аннотация |
__ |
| a |
Аннотация |
Рассмотрены основные передаточные и исполнительные механизмы, а также транспортирующие устройства, используемые в машинах-автоматах и автоматических линиях для производства или обработки штучных изделий и полуфабрикатов. Учебное пособие составлено в соответствии с программой курса «Основы проектирования автоматизированных линий» на основании рекомендаций образовательного стандарта высшего образования. Пособие может быть полезно для студентов технических специальностей и начинающих инженерно-технических работников в области эксплуатации и проектирования оборудования различных производств и упаковочных машин-автоматов. Соответствует актуальным требованиям Федерального государственного образовательного стандарта высшего образования. Для студентов высших учебных заведений, обучающихся по инженерно-техническим направлениям. |
| 538 |
Прим. о системных особенностях |
__ |
| a |
Прим. о системных особенностях |
Режим доступа: Электронно-библиотечная система Юрайт, для авториз. пользователей |
| 653 |
Ключевые слова |
__ |
| a |
Ключевые слова |
Машины, машиностроение и приборостроение |
| 653 |
Ключевые слова |
__ |
| a |
Ключевые слова |
Технические науки |
| 653 |
Ключевые слова |
__ |
| a |
Ключевые слова |
Автоматика и автоматизация производственных процессов |
| 653 |
Ключевые слова |
__ |
| a |
Ключевые слова |
Технологическое оборудование зерноперерабатывающих производств |
| 653 |
Ключевые слова |
__ |
| a |
Ключевые слова |
Технологическое оборудование пищевых производств |
| 653 |
Ключевые слова |
__ |
| a |
Ключевые слова |
Технологическое оборудование химико-технологических установок |
| 653 |
Ключевые слова |
__ |
| a |
Ключевые слова |
Машины-автоматы и автоматические линии |
| 653 |
Ключевые слова |
__ |
| a |
Ключевые слова |
Машины-автоматы и промышленные линии |
| 700 |
Другие авторы |
__ |
| a |
Другие авторы |
Шаповалов Ю. Н. |
| q |
Полное имя |
Шаповалов Юрий Николаевич |
| 700 |
Другие авторы |
__ |
| a |
Другие авторы |
Бражников Е. Б. |
| q |
Полное имя |
Бражников Евгений Борисович |
| 856 |
Электронный адрес документа |
40 |
| n |
Местонахождение сервера |
Юрайт |
| g |
|
Электронная книга |
| q |
Тип электронного формата |
html |
| h |
Имя пользователя |
ЮРАЙТ |
| v |
Часы доступа к ресурсу |
20271231 |
| 2 |
Способ доступа |
Показать документ |
| x |
Служебное примечание |
https://urait.ru/book/cover/6EFFBBB1-799C-43ED-B9E3-9F455389DCE9 |
| u |
URL |
https://urait.ru/bcode/587904 |
| 856 |
Электронный адрес документа |
48 |
| q |
Тип электронного формата |
cover |
| u |
URL |
https://urait.ru/book/cover/6EFFBBB1-799C-43ED-B9E3-9F455389DCE9 |
| 911 |
|
__ |
| u |
|
0030=https://urait.ru/bcode/587904 |
| 911 |
|
__ |
| u |
|
073a=9785534126648 |
| u |
|
073d=549.00 |
| 911 |
|
__ |
| u |
|
106a=s |
| 911 |
|
__ |
| u |
|
900l= |
| 952 |
Тип литературы |
__ |
| i |
Дисциплина |
Автоматика и автоматизация производственных процессов |
| 952 |
Тип литературы |
__ |
| i |
Дисциплина |
Технологическое оборудование зерноперерабатывающих производств |
| 952 |
Тип литературы |
__ |
| i |
Дисциплина |
Технологическое оборудование пищевых производств |
| 952 |
Тип литературы |
__ |
| i |
Дисциплина |
Технологическое оборудование химико-технологических установок |
| 952 |
Тип литературы |
__ |
| i |
Дисциплина |
Машины-автоматы и автоматические линии |
| 952 |
Тип литературы |
__ |
| i |
Дисциплина |
Машины-автоматы и промышленные линии |